000 00628nam a22001577a 4500
999 _c535005
_d535005
020 _qHard Cover.
082 _a624.1
100 _aMuhammad Naseem Khan Raza
245 _aStudy of merits and demerits of appointing same design consultant as supervision consultant in the construction industry in Pakistan /
_cMuhammad Naseem Raza Khan Raza.
260 _aIslamabad:
_bNIT NUST,
_c2013.
300 _a121 p. :
_bill. ;
_c30cm.
942 _2ddc
_cTHE
650 _aConstruction Engineering and Management MS-Thesis.
_917023
700 _aDr. Rafiq Muhammad Choudhry
_919815